• 首页
  • 本馆介绍
  • 公告通知
  • 最新文献
  • 馆藏检索
  • 电子资源
  • 读者导购
  • 参考咨询
  • 我的图书馆
  • 登录
  • 详细信息显示
  • 放入我的书架
  • 预约/预借图书
  • 作者相关作品
  • 分类相关作品
  • 丛书相关作品
  • 出版社相关作品

书目信息

  • 表格格式
  • 工作单格式
  • 卡片格式
题名:
骨科护理学
    
 
作者: 罗凯燕 , 喻姣花 主编 ;杨述华 , 王桂兰 副主编
分册:  
出版信息: 北京   中国协和医科大学出版社  2005.09
页数: 228页
开本: 21cm
丛书名: 现代临床护理系列丛书
单 册:
中图分类: R473.6
科图分类:
主题词: 骨科学--gu ke xue--护理学
电子资源:
ISBN: 7-81072-616-1
000 01175nam2 2200289 450
001 0100000198
005 20060623083203.45
010    @a7-81072-616-1@dCNY26.00
100    @a20041216d2005 ekmy0chiy50 ea
101 0  @achi
102    @aCN@b110000
105    @af z 000yy
200 1  @a骨科护理学@Agu ke hu li xue@f罗凯燕,喻姣花主编@Fluo kai yan yu jiao hua zhu bian
210    @a北京@c中国协和医科大学出版社@d2005.09
215    @a228页@c图@d21cm
225 2  @a现代临床护理系列丛书@Axian dai lin chuang hu li xi lie cong shu@f刘义兰,王桂花主编
330    @a本书结合喻科临床实际需求,概述了近年来国内外骨科领域新理论、新材料的发展及临床护理新进展,并重点介绍了骨科发展较快、技术含量较高的脊柱外科、关节外科、微创治疗等病人的术前准备、围手术期专科护理及周密的手术康复锻炼等内容。
333    @a读者对象:骨科护理人员及实习护士
461  0 @12001 @a现代临床护理系列丛书
606 0  @a骨科学@Agu ke xue@x护理学
690    @aR473.6@v4
701  0 @a罗凯燕@Aluo kai yan@4主编
701  0 @a喻姣花@Ayu jiao hua@4主编
702  0 @a杨述华@Ayang shu hua@4副主编
702  0 @a王桂兰@Awang gui lan@4副主编
801    @aCN@bYXSD@c20060623
905    @aBZT@dR473.6@e1@f10
    
    骨科护理学/罗凯燕,喻姣花主编.-北京:中国协和医科大学出版社,2005.09
    228页:图;21cm.-(现代临床护理系列丛书/刘义兰,王桂花主编)
    使用对象:读者对象:骨科护理人员及实习护士
    
    ISBN 7-81072-616-1:CNY26.00
    本书结合喻科临床实际需求,概述了近年来国内外骨科领域新理论、新材料的发展及临床护理新进展,并重点介绍了骨科发展较快、技术含量较高的脊柱外科、关节外科、微创治疗等病人的术前准备、围手术期专科护理及周密的手术康复锻炼等内容。
●
相关链接 在五车中查询图书 在当当中查询图书 在豆瓣中查询图书


正题名:骨科护理学     索取号:R473.6/1         预约/预借

序号 登录号 条形码 馆藏地/架位号 状态 备注
1 0449039   230006552   样本书库/样007架B面3层2列/ [索取号:R473.6/1] 在馆    
2 0449040   230006551   中心书库中库/ 中库008架B面4列6层7/ [索取号:R473.6/1] 在馆    
3 0449041   230006554   中心书库中库/ 中库008架B面4列6层2/ [索取号:R473.6/1] 在馆    
4 0449042   230006553   中心书库中库/ 中库008架B面4列6层9/ [索取号:R473.6/1] 在馆    
5 0449043   230006556   中心书库中库/ 中库008架B面4列6层4/ [索取号:R473.6/1] 在馆    
6 0449044   230006555   中心书库中库/ 中库008架B面4列6层5/ [索取号:R473.6/1] 在馆    
7 0449045   230006558   中心书库中库/ 中库008架B面4列6层8/ [索取号:R473.6/1] 在馆    
8 0449046   230006557   中心书库中库/ 中库008架B面4列6层3/ [索取号:R473.6/1] 在馆    
9 0449047   230006560   中心书库中库/ 中库008架B面4列6层6/ [索取号:R473.6/1] 在馆    
10 0449048   230006559   中心书库中库/ 中库008架B面4列6层1/ [索取号:R473.6/1] 在馆    
山东省滨州职业学院图书馆 欢迎您!
大连网信软件有限公司© 版权所有